Normal view
MARC view
- ادارة المعلومات-السياسة المالية-المالية العامة
Entry Topical Term
001 - CONTROL NUMBER
- control field: 64062
003 - CONTROL NUMBER IDENTIFIER
- control field: JO-AjAnu
005 - DATE AND TIME OF LATEST TRANSACTION
- control field: 20230606084443.0
008 - FIXED-LENGTH DATA ELEMENTS
- fixed length control field: 230606|| aca||aabn | a|a d
040 ## - CATALOGING SOURCE
- Original cataloging agency: JO-AjAnu
- Transcribing agency: JO-AjAnu
150 ## - HEADING--TOPICAL TERM
- Topical term or geographic name entry element: ادارة المعلومات-السياسة المالية-المالية العامة
670 ## - SOURCE DATA FOUND
- Source citation: Work cat.: (JO-AjAnu)32657: محسن، صباح رحيمة، م.مشارك عبد الفتاح ابراعيم زريبة، م.مشارك فتحي احمد الشيباني, author 64061, نظم المعلومات المالية: اسسها النظرية وبناء قواعد بياناتها